| 000 | 00575nam a2200181Ia 4500 | ||
|---|---|---|---|
| 999 |
_c10321 _d10321 |
||
| 082 | _aTS.0018 | ||
| 100 | _aSyamala, V. | ||
| 245 | 0 | _aAcquisition of english by Malayalee children: a psycholinguistic study in syntactic structures | |
| 260 |
_c1983 _bUniversity of Kerala |
||
| 300 | _a393p. + C D - 50 | ||
| 650 | _aLANGUAGES - PSYCHOLOGY | ||
| 650 | _aCHILDREN - LANGUAGE | ||
| 650 | _aCHILDREN, MALAYALEE | ||
| 650 | _aENGLISH LANGUAGE - STUDY AND TEACHING | ||
| 650 | _aPSYCHOLINGUISTICS//LANGUAGES - PSYCHOLOGY | ||
| 710 | _aSubramoniam, V.I. | ||
| 942 |
_cTH _2ddc |
||